000 00580nam a2200241 a 4500
001 nice12345678
003 IN_TiNIC
005 20260116015150.0
008 050524s1974 zona grp 000 0 eng
020 _a
_c549.7
082 0 0 _a226.7
_bLEW1
100 _aLewis, C S
245 _aMiracles
_b a Preliminary Study
260 _aZondervan
_bHarper San Francisco
_c1974
300 _a294p
500 _aincludes index and biblioraphy
505 2 _aAppendices
650 _aBible-Miracles
700 1 _aLewis, C S
902 _bSRS
942 _cBK
999 _c18580
_d18580